Κατάλογος Βιβλιοθηκών Mediterranean College

Introducing Social Psychology (Record no. 393)

MARC details
000 -LEADER
fixed length control field 01444cam a22002054a 4500
005 - ΗΜΕΡΟΜΗΝΙΑ ΚΑΙ ΩΡΑ ΤΕΛΕΥΤΑΙΑΣ ΕΝΗΜΕΡΩΣΗΣ
Πεδίο ελέγχου 20250605163933.0
008 - FIXED-LENGTH DATA ELEMENTS--GENERAL INFORMATION
Πεδίο ελέγχου σταθερού μήκους 250528s ||||||||||||||||||||||||d
035 ## - SYSTEM CONTROL NUMBER
System control number 14774
040 ## - ΠΗΓΗ ΚΑΤΑΛΟΓΟΓΡΑΦΗΣΗΣ
Φορέας πρωτότυπης καταλογογράφησης MC Athens Campus Library
Γλώσσα καταλογογράφησης Ελληνικά, Μοντέρνα (1453-)
Modifying agency MC Athens Campus Library
Κανόνες περιγραφικής καταλογογράφησης AACR2
245 1# - ΤΙΤΛΟΣ ΚΑΙ ΔΗΛΩΣΗ ΥΠΕΥΘΥΝΟΤΗΤΑΣ
Τίτλος Introducing Social Psychology
250 ## - EDITION STATEMENT
Edition statement 1st
260 ## - PUBLICATION, DISTRIBUTION, ETC.
Name of publisher, distributor, etc. Penguin Books,
Date of publication, distribution, etc. 1978
300 ## - PHYSICAL DESCRIPTION
Extent 496
520 ## - SUMMARY, ETC.
Summary, etc. A general introduction to social psychology for students of the social sciences and all those whose training - be it in education, medicine or social work. Acknowledgements, Preface, Perspectives, Introduction, Social Psychology and Social Science, Evolution and Social Behavior, Cross-Cultural Perspectives, Social Interaction, The Development of Interpersonal Behavior, Communication In Interaction, Cooperation and Competition Between Individuals, Small Groups: I Structure and Leadership, Small Groups: II Processes and Products, Representations of the Social World, Interpersonal Attributions, The Nature and Measurement of Attitudes, Determinants of Attitudes and Attitude Change, The Structure of Our Views about Society, Interaction and the Social World, Social Behavior in Organizations, The Environment and Social Behavior, Language in Society, Intergroup Behavior: I Individualistic Perspectives, Intergroup Behavior: II Group Perspectives, References, Index.
700 1# - ΠΡΟΣΘΕΤΗ ΑΝΑΓΡΑΦΗ--ΦΥΣΙΚΟ ΠΡΟΣΩΠΟ
Personal name Fraser Colin
9 (RLIN) 531
700 1# - ΠΡΟΣΘΕΤΗ ΑΝΑΓΡΑΦΗ--ΦΥΣΙΚΟ ΠΡΟΣΩΠΟ
Personal name Tajfel Henri
9 (RLIN) 532
942 ## - ADDED ENTRY ELEMENTS (KOHA)
Koha item type Books
Holdings
Τύπος τεκμηρίου Βιβλιοθήκη Τρέχουσα τοποθεσία Barcode Αριθμός εισαγωγής Ημερομηνία απόκτησης Ταξιθετικό σύμβολο Αριθμός αντιτύπου Κατάσταση απόσυρσης Κατάσταση χαμένου Κατάσταση κατεστραμμένου Μη δανεισμός Σύνολο δανεισμών Σύνολο ανανεώσεων Ημερομηνία τελευταίας εμφάνισης Χρονολογία τελευταίου δανεισμού Η τιμή ισχύει από
Books MC Athens Campus Library MC Athens Campus Library 9780000003928 4688 05/06/2025 302 TAJ 1         2 4 24/11/2025 03/11/2025 05/06/2025

MC Athens Campus Library
Πατησίων 94 & Κοδριγκτώνος 13, 104 34
Πελλήνης 8 & Πατησίων 107, 112 51
Τ: +30 210 8899600

MC Thessaloniki Campus Library
Ίωνος Δραγούμη 21, 54625 | Ίωνος Δραγούμη 15, 54625
Τ: +30 2310 287779 – Τ: +30 2314 440300